MARC

LEADER 00000nam0a2200000 4500
001 250610
005 20260120141406.0
035 |a (RuTPU)RU\TPU\book\272825 
090 |a 250610 
100 |a 20140214d1988 k z0rusy50 ca 
101 0 |a rus 
102 |a AM 
105 |a a z 011zy 
200 1 |a Сборник научных трудов  |f Ереванский государственный университет ; под ред. Б. С. Вардалетяна 
210 |a Ереван  |c Изд-во Ереванского ун-та  |d 1988 
215 |a 171 с.  |c ил. 
300 |a  Посвящается 50-летнему юбилею геологичесго факультета 
320 |a Библиография в конце статей 
606 |a Геология  |x История  |9 83634 
610 1 |a подземные воды 
610 1 |a горные породы 
610 1 |a геофизические исследования 
610 1 |a минеральные виды 
610 1 |a сейсмика 
610 1 |a магматические формации 
610 1 |a Армения 
675 |a 55(09)  |v 3 
702 1 |a Вардалетян  |b Б. С.  |4 340 
712 0 2 |a Ереванский государственный университет  |3 (RuTPU)RU\TPU\col\11856  |9 25274 
801 1 |a RU  |b 63413507  |c 20140214 
801 2 |a RU  |b 63413507  |c 20140224  |g RCR 
942 |c BK